000 00627nam a2200169 i 4500
001 65721
003 ES-MaACL
005 20230906165445.0
007 t|
008 040121s1981 sp ||||1| spa d
100 1 _aFrommel, S. N.
_952731
245 1 0 _aImposición de filiales, sucursales y subsidiarias en Europa Occidental, Canadá y los Estados Unidos /
_cS.N. Frommel ; traducción y notas de derecho español de Antonio Garcia Torres.
260 _a[Madrid] :
_bEd. Derecho Financiero,
_c[1981]
300 _aXLVII, 384 p. ;
_c22 cm.
700 1 _aGarcía Torres, Antonio.
_955335
852 _aES-MaACL
_jL-1364
_bR.101823
999 _c65721
_d65721